[Event "IRI-ch U14"]
[Site "Chess.com INT"]
[Date "2021.01.16"]
[Round "2"]
[White "Hashemi, Amin"]
[Black "Majidi, Seyed Mohammad Pars"]
[Result "0-1"]
[WhiteElo "1307"]
[BlackElo "1845"]
[PlyCount "72"]
[EventDate "2021.01.16"]
[EventType "swiss"]
[EventRounds "11"]
[EventCountry "IRI"]
[SourceTitle "EXT 2022"]
[Source "ChessBase"]
[SourceDate "2021.10.06"]
[SourceVersion "1"]
[SourceVersionDate "2021.10.06"]
[SourceQuality "1"]

1. d4 Nf6 2. Bf4 c5 3. e3 e6 4. Bd3 cxd4 5. exd4 b6 6. c3 Ba6 7. Nf3 Be7 8. 0-0 0-0 9. Re1 Bxd3 10. Qxd3 Nc6 11. Nbd2 d6 12. Ne4 Nxe4 13. Qxe4 d5 14. Qd3 a6 15. Ne5 Nxe5 16. Rxe5 Bd6 17. Rh5 g6 18. Bxd6 Qxd6 19. Rh3 b5 20. Re1 b4 21. Qd2 Ra7 22. Ree3 bxc3 23. Rxc3 f6 24. Rhe3 e5 25. dxe5 fxe5 26. Red3 d4 27. Rc2 Rd7 28. g3 e4 29. Rb3 Qf6 30. Qe1 Qf5 31. Rb6 e3 32. Rb3 Qxc2 33. Kf1 Rxf2+ 34. Kg1 Rg2+ 35. Kh1 Rxh2+ 36. Kg1 Qg2# 0-1

[Event "IRI-ch U14"]
[Site "Chess.com INT"]
[Date "2021.01.16"]
[Round "1"]
[White "Majidi, Seyed Mohammad Pars"]
[Black "Ghasemi, Mahdi"]
[Result "1-0"]
[WhiteElo "1845"]
[BlackElo "1129"]
[PlyCount "95"]
[EventDate "2021.01.16"]
[EventType "swiss"]
[EventRounds "11"]
[EventCountry "IRI"]
[SourceTitle "EXT 2022"]
[Source "ChessBase"]
[SourceDate "2021.10.06"]
[SourceVersion "1"]
[SourceVersionDate "2021.10.06"]
[SourceQuality "1"]

1. Nf3 d5 2. c4 d4 3. g3 c5 4. Bg2 Nc6 5. 0-0 e5 6. d3 Bd6 7. e3 f5 8. exd4 cxd4 9. Re1 Nf6 10. Bf4 e4 11. Bxd6 Qxd6 12. Nbd2 0-0 13. dxe4 fxe4 14. Nxe4 Nxe4 15. Rxe4 Bf5 16. Rf4 Rad8 17. Qd2 h6 18. Nh4 Bh7 19. Bd5+ Kh8 20. Rxf8+ Rxf8 21. Rd1 Qf6 22. Bxc6 bxc6 23. Qxd4 Qe6 24. Ng2 Bg8 25. Nf4 Qf5 26. Qd3 Bh7 27. Qxf5 Bxf5 28. Ng2 Be6 29. Ne3 Rb8 30. b3 Rb6 31. f4 Ra6 32. Rd2 Kh7 33. Kf2 Ra3 34. g4 a5 35. Rb2 a4 36. Nc2 axb3 37. Nxa3 bxa2 38. Rxa2 Bxg4 39. Ke3 Bd1 40. c5 Bb3 41. Rb2 Bd5 42. Rb6 h5 43. Nc2 Kh6 44. h4 Kg6 45. Nd4 Bg2 46. Nxc6 Kf5 47. Ne5 Bh3 48. c6 1-0

[Event "Wch FIDE Online U12 Asia qual"]
[Site "Tornelo INT"]
[Date "2020.12.12"]
[Round "4"]
[White "Majidi, Seyed Mohammad Pars"]
[Black "Azjargal, Erdenebat"]
[Result "0-1"]
[WhiteElo "1845"]
[BlackElo "1684"]
[PlyCount "180"]
[EventDate "2020.12.11"]
[EventType "swiss (rapid)"]
[EventRounds "7"]
[EventCountry "ISS"]
[SourceTitle "EXT 2022"]
[Source "ChessBase"]
[SourceDate "2021.10.06"]
[SourceVersion "1"]
[SourceVersionDate "2021.10.06"]
[SourceQuality "1"]

1. d4 Nf6 2. c4 d6 3. Nc3 Nbd7 4. Nf3 e5 5. e4 Be7 6. Be2 0-0 7. 0-0 Re8 8. Re1 c6 9. Qc2 Qc7 10. b3 Bf8 11. Bb2 a5 12. Rad1 g6 13. Bf1 Bg7 14. a3 exd4 15. Nxd4 Qb6 16. Na4 Qc7 17. Nf3 Nf8 18. c5 dxc5 19. Nxc5 Bg4 20. Be2 b6 21. e5 Nh5 22. Ne4 Nf4 23. h3 Bf5 24. Bd3 Nxd3 25. Qxd3 Rad8 26. Qe3 Bxe4 27. Qxe4 Ne6 28. a4 Rd7 29. Ba3 c5 30. Bb2 Red8 31. Qc2 Rd5 32. Rxd5 Rxd5 33. Rd1 Qd7 34. Rd2 h6 35. Qd1 Rxd2 36. Qxd2 Qc7 37. Qd5 Nf4 38. Qe4 Ne6 39. Qa8+ Kh7 40. Qd5 Nf4 41. Qe4 Ne6 42. Ne1 Qd7 43. Qd3 Qc6 44. Qf3 Qxf3 45. Nxf3 c4 46. bxc4 Nc5 47. Bd4 Nxa4 48. Ne1 Bf8 49. Nd3 Bc5 50. Nxc5 Nxc5 51. Kf1 a4 52. Bb2 Nd3 53. Ba3 Nxe5 54. c5 bxc5 55. Bxc5 Nc4 56. Ke2 a3 57. Kd1 a2 58. Bd4 Nd6 59. Kc1 Nb5 60. Bf6 g5 61. Kb2 Kg6 62. Be5 f6 63. Bg3 Nc3 64. f3 Nd1+ 65. Kxa2 Ne3 66. Kb3 Nxg2 67. Kc2 Nf4 68. h4 Ne6 69. Kd2 h5 70. Ke2 Kf5 71. Kf2 g4 72. Bh2 Nd4 73. f4 Ne6 74. Ke3 Nc7 75. Kd4 Ne6+ 76. Ke3 Nd8 77. Bg3 Nc6 78. Kd3 Ne7 79. Kd4 Ke6 80. Ke4 Nf5 81. Bf2 g3 82. Bg1 Nxh4 83. Bb6 Nf5 84. Kf3 h4 85. Kg2 Kd5 86. Ba5 Ke4 87. Bd2 Ne3+ 88. Kh3 g2 89. Kh2 Nf1+ 90. Kxg2 Nxd2 0-1